000 00580nam a2200193Ia 4500
003 GCL
008 140319s9999 xx 000 0 ara d
040 _aGCL /
_cGCL
082 0 4 _a813.01
_bم ش
100 1 _aصبرى حافظ
245 1 0 _aالشطار (يليه البنية النصية لسيرة التحرر من القهر) /
_cصبرى حافظ
700 1 _aمحمد شكرى
260 _a[S.N] :
_bدار الساقى ،
_c1992
300 _a244 ص
490 _a
650 0 4 _aالادب العربى
650 0 4 _aالقصص العربية
942 _2ddc
_cBK
999 _c53882
_d53882